Sports Quiz

Random Sports or Baseball Quiz
Score 0/58 Timer 07:00
0 Plays Today
Number Player % Correct
92Babe Ruth
99.7%
119Babe Ruth
98.4%
99Babe Ruth
98.4%
99Babe Ruth
98.4%
97Babe Ruth
98.4%
107Barry Bonds
95.8%
92Lou Gehrig
95.3%
117Lou Gehrig
94.1%
100Lou Gehrig
94.1%
95Lou Gehrig
94.1%
93Lou Gehrig
94.1%
103Sammy Sosa
91%
92Jimmie Foxx
85.6%
103Stan Musial
84.2%
92Stan Musial
83.9%
100Jimmie Foxx
82.6%
94Jimmie Foxx
82.6%
99Albert Pujols
81.9%
95Albert Pujols
81.9%
93Albert Pujols
81.9%
96Joe DiMaggio
77.8%
93Ken Griffey Jr.
76.8%
92Ken Griffey Jr.
76.6%
97Juan Gonzalez
76%
100Luis Gonzalez
75.8%
103Hank Greenberg
73.8%
99Hank Greenberg
73.8%
98Hank Greenberg
73.8%
96Hank Greenberg
73.8%
Number Player % Correct
97Hack Wilson
71.6%
102Rogers Hornsby
70.3%
94Rogers Hornsby
70.3%
105Todd Helton
65.9%
103Todd Helton
65.9%
103Albert Belle
65.5%
99Albert Belle
65.5%
99Larry Walker
62.2%
92Hank Aaron
57.2%
107Chuck Klein
48.1%
103Chuck Klein
48.1%
94Chuck Klein
48.1%
93Al Simmons
45.1%
96Chris Davis
43.5%
92Frank Robinson
41.5%
92Brady Anderson
40.5%
99Carlos Delgado
37.5%
97Joe Medwick
37.5%
95Joe Medwick
37.5%
99Derrek Lee
29.9%
94Lance Berkman
29.7%
93Ellis Burks
20.3%
92Alfonso Soriano
20.1%
96Hal Trosky
20%
92Jose Bautista
19.7%
94Babe Herman
17.7%
93Jim Bottomley
14.7%
92Matt Holliday
14%
92Grady Sizemore
4.7%

You're not logged in!

Compare scores with friends on all Sporcle quizzes.
OR
Log In

Sporcle TV

Today on Sporcle TV


Watch our educational content, quiz creation guides, and fun videos on Sporcle TV.

Show Comments

Extras

Top Quizzes Today


Score Distribution

Paid Content

Your Account Isn't Verified!

In order to create a playlist on Sporcle, you need to verify the email address you used during registration. Go to your Sporcle Settings to finish the process.

Report this User

Report this user for behavior that violates our Community Guidelines.

Details: